000 00832nam a2200253 a 4500
001 BRCA_4669
005 20190320204746.0
008 021106s2002 sp-#######---#000-0#spa-#
020 _a848833365X
041 _aspa
044 _asp
050 4 _aPQ6425
_b.G37 2002
100 1 _aGarza Merino, Sonia
_911838
245 1 0 _aLa trapesonda
_b(Sevilla, Juan Cromberger, 1533) : guía de lectura /
_cpor Sonia Garza Merino.
260 _aAlcalá de Henares [España]
_bCentro de Estudios Cervantinos,
_c2002.
300 _a106 p.
_c24 cm.
440 0 _aGuías de lectura caballeresca
_v33
_911839
500 _aIncluye índice general de la colección
504 _aBibliografía: p. [101]
630 0 4 _aTercer Libro del Renaldos de Montalbán.
_911840
650 1 4 _aLiteratura
_zEspaña
_911841
902 _aCERV
942 _2lcc
_cB
999 _c4370
_d4370